00558 2200241 4500001002100000005001500021020002200036035002000058082000800078084001400086100001500100245004600115260003100161300002800192990001200220990001200232990001200244990001200256990001200268990001200280990001200292990001200304INLIS00000000000311520251015021256 a978-623-522-798-6 a0010-1025000019 a900 a900 WAH x0 aWahyu Deni1 aX-Press TKA SMA/MA Geografi /cWahyu Deni aJakarta :bErlangga,c2025 a180 hlm ;c21 x 25,5 cm a0755739 a0755740 a0755741 a0755742 a0755743 a0755744 a0755745 a0755746